Formula 1 World Champions - Statistics

General Stats
  • This quiz has been taken 52 times
    17 since last reset
  • The average score is 62 of 75
Answer Stats
Year World Champion % Correct
1991 Ayrton Senna
100%
1990 Ayrton Senna
100%
1988 Ayrton Senna
100%
2006 Fernando Alonso
100%
2005 Fernando Alonso
100%
2009 Jenson Button
100%
1982 Keke Rosberg
100%
2007 Kimi Raikkonen
100%
2020 Lewis Hamilton
100%
2019 Lewis Hamilton
100%
2018 Lewis Hamilton
100%
2017 Lewis Hamilton
100%
2015 Lewis Hamilton
100%
2014 Lewis Hamilton
100%
2008 Lewis Hamilton
100%
2024 Max Verstappen
100%
2023 Max Verstappen
100%
2022 Max Verstappen
100%
2021 Max Verstappen
100%
2004 Michael Schumacher
100%
2003 Michael Schumacher
100%
2002 Michael Schumacher
100%
2001 Michael Schumacher
100%
2000 Michael Schumacher
100%
1995 Michael Schumacher
100%
1994 Michael Schumacher
100%
1999 Mika Hakkinen
100%
1998 Mika Hakkinen
100%
2016 Nico Rosberg
100%
2013 Sebastian Vettel
100%
2012 Sebastian Vettel
100%
2011 Sebastian Vettel
100%
2010 Sebastian Vettel
100%
1993 Alain Prost
89%
1989 Alain Prost
89%
1986 Alain Prost
89%
1985 Alain Prost
89%
1996 Damon Hill
89%
1968 Graham Hill
89%
1962 Graham Hill
89%
1957 Juan Manuel Fangio
89%
1956 Juan Manuel Fangio
89%
1955 Juan Manuel Fangio
89%
1954 Juan Manuel Fangio
89%
1951 Juan Manuel Fangio
89%
1961 Phil Hill
89%
1973 Jackie Stewart
78%
1971 Jackie Stewart
78%
1969 Jackie Stewart
78%
1997 Jacques Villeneuve
78%
1992 Nigel Mansell
78%
1984 Niki Lauda
78%
1977 Niki Lauda
78%
1975 Niki Lauda
78%
1967 Denny Hulme
67%
1974 Emerson Fittipaldi
67%
1972 Emerson Fittipaldi
67%
1970 Jochen Rindt
67%
1978 Mario Andretti
67%
1980 Alan Jones
56%
1966 Jack Brabham
56%
1960 Jack Brabham
56%
1959 Jack Brabham
56%
1976 James Hunt
56%
1965 Jim Clark
56%
1963 Jim Clark
56%
1979 Jody Scheckter
56%
1964 John Surtees
56%
1958 Mike Hawthorn
56%
1950 Nino Farina
56%
1953 Alberto Ascari
44%
1952 Alberto Ascari
44%
1987 Nelson Piquet
44%
1983 Nelson Piquet
44%
1981 Nelson Piquet
44%
No matching quizzes found
Score Distribution
Percent of People with Each Score
Percentile by Number Answered
Your Score History
You have not taken this quiz since the last reset